5 Closest Countries To Island Nations - Statistics

General Stats
  • This quiz has been taken 124 times
  • The average score is 26 of 30
Answer Stats
Country Km Country % Correct
Madagascar 423 Mozambique
97%
Cyprus 72 Turkey
96%
Philippines 396 Indonesia
95%
Malta 80 Italy
95%
Cyprus 229 Israel
94%
Cyprus 173 Lebanon
93%
Malta 340 Libya
93%
Madagascar 387 Comoros
92%
Cyprus 112 Syria
92%
Philippines 653 China
91%
Malta 544 Algeria
90%
Madagascar 835 Mauritius
90%
Philippines 381 Taiwan
90%
Madagascar 785 Tanzania
90%
Malta 306 Tunisia
90%
Philippines 97 Malaysia
89%
Cyprus 294 Jordan
88%
Grenada 179 St. Lucia
86%
Grenada 124 Trinidad & Tobago
86%
Samoa 918 Fiji
85%
Grenada 105 St. Vincent & The Grenadines
85%
Samoa 819 Tonga
84%
Samoa 1,112 Tuvalu
84%
Grenada 231 Barbados
81%
Philippines 397 Brunei
80%
Grenada 135 Venezuela
79%
Samoa 2,125 Vanuatu
78%
Samoa 2,324 Kiribati
74%
Madagascar 922 Malawi
66%
Malta 650 Albania
61%
No matching quizzes found
Score Distribution
Percent of People with Each Score
Percentile by Number Answered
Your Score History
You have not taken this quiz